In Quest of the last victory / (Record no. 167526)
[ view plain ]
| 000 -LEADER | |
|---|---|
| fixed length control field | 00661nam a22002177a 4500 |
| 005 - DATE AND TIME OF LATEST TRANSACTION | |
| control field | 20190906115004.0 |
| 010 ## - LCCN (DPL NO) | |
| LC control number | ENG-126445 |
| 020 ## - INTERNATIONAL STANDARD BOOK NUMBER | |
| Terms of availability | 289.00 |
| International Standard Book Number | 978-93-534-3018-4 |
| 035 ## - SYSTEM CONTROL NUMBER | |
| System control number | EN-109977 |
| 037 ## - SOURCE OF ACQUISITION | |
| Source of stock number/acquisition | DBAD/PUB |
| 082 ## - DEWEY DECIMAL CLASSIFICATION NUMBER | |
| Classification number | 363.4092 |
| 100 ## - MAIN ENTRY--PERSONAL NAME | |
| Personal name | Gulia, Navin |
| 245 ## - TITLE STATEMENT | |
| Title | In Quest of the last victory / |
| Statement of responsibility, etc | By Navin Gulia |
| 260 ## - PUBLICATION, DISTRIBUTION, ETC. (IMPRINT) | |
| Place of publication, distribution, etc | U.P |
| Name of publisher, distributor, etc | Pearson |
| Date of publication, distribution, etc | 2019 |
| 270 ## - ADDRESS | |
| City | Noida |
| Address | Block-c, sector-16 |
| Postal code | 201301 |
| Telephone number | 08030461060 |
| Electronic mail address | companysecretary.india@pearson.com |
| Fax number | 08030461003 |
| 300 ## - PHYSICAL DESCRIPTION | |
| Extent | xiii172p. |
| Dimensions | 21cm(pbk) |
| 700 ## - ADDED ENTRY--PERSONAL NAME | |
| Personal name | Goenka, Varun |
| 700 ## - ADDED ENTRY--PERSONAL NAME | |
| Personal name | Malhotra, Anindita |
| 700 ## - ADDED ENTRY--PERSONAL NAME | |
| Personal name | Sharmilee, G |
| 942 ## - ADDED ENTRY ELEMENTS (KOHA) | |
| Source of classification or shelving scheme | Dewey Decimal Classification |
| Item type | English Books |
| Classification part | 363.4092 |
| Call number suffix | GUL |
| Withdrawn status | Lost status | Not for loan | Collection code | Home library | Current library | Date acquired | Source of acquisition | Cost, normal purchase price | Full call number | Barcode | Copy number | Cost, replacement price | Koha item type |
|---|---|---|---|---|---|---|---|---|---|---|---|---|---|
| Non-fiction | Ashok Vihar | Ashok Vihar | 06/09/2019 | DBAD/PUB | 289.00 | 363.4092 GUL | EN-109977 | 1 | 289.00 | English Books |
